000 01365nam0a22002891 4500
001 v19\rc\2019279
005 20250620004044.0
035 _a(NLR Aleph) 005099896
090 _a7381621
_c7381621
100 _a20080925e19071907|||y0rusy50 ca
101 0 _arus
102 _aRU
105 _ay z |||||
200 1 _aМаленькая поправка [к статье "Епархиальный съезд духовенства", напечатанной в журн.: "Церковно-общественная жизнь" (№ 26)]
210 _aКазань
_cЦентр. тип.
_d[1907]
215 _a4 с.
300 _aВ конце текста: свящ. Г. М-ский
309 _aБез тит. л. и обл.
311 _aИзвлеч. из журн. "Церковно-общественная жизнь" за 1907 г.
488 0 _12001#$aЦерковно-общественная жизнь$v1907
_tЦерковно-общественная жизнь
532 1 3 _aМаленькая поправка к статье Епархиальный съезд духовенства, напечатанной в журн.: "Церковно-общественная жизнь" (№ 26)
701 1 _aМ-ский
_bГ.
801 0 _aRU
_bNLR
_gpsbo
801 1 _aRU
_bProSoft-M
_2rusmarc
852 _aNLR
_j18.267.8.77
942 _cBOOK
980 _aNB